| 000 | 00904nam a22002177a 4500 | ||
|---|---|---|---|
| 999 |
_c11174 _d11174 |
||
| 003 | AR-CdUCM | ||
| 008 | 190403b ||||| |||| 00| 0 spa d | ||
| 040 |
_aMUNICIPALIDAD PROVINCIAL DEL CUSCO _cBIBLIOTECA MUNICIPAL DEL CUSCO |
||
| 082 |
_a344.6 / _bN94 / 1948 |
||
| 100 |
_aNuñez, Ricardo C. _928393 |
||
| 245 | _aLa acción civil para le reparación de los perjuicios en el proceso penal / | ||
| 260 |
_aBuenos Aires : _bBibliografica Argentina, _c1948. |
||
| 300 |
_a308 páginas ; _c22.5 cm. |
||
| 505 | _aContenido: Acciones que nacen del delito del derecho criminal -- El ejercicio de las acciones que nacen del delito según el derecho positivo -- La acción civil en el código de procedimiento penal ... | ||
| 650 |
_aDerecho positivo _928394 |
||
| 650 |
_aProcedimiento penal _98704 |
||
| 650 |
_aDelito _95138 |
||
| 650 |
_aCódigo civil _928051 |
||
| 942 |
_2ddc _cLIBROS |
||
| 945 | _aacv | ||